00432nam a2200181Ia 4500008004100000020001800041245002900059245001700088260001500105260001600120260000900136300001400145300002500159300001000184440002900194500000800223999001900231170705s9999 xx 000 0 und d a9780439367400 aWee witches' halloween / cJerry Smath. aNew York : bScholastic, c2002 aunpaged : bcolor illustration ; c20cm. aRead with me paperbacks. a820 c336883d336883